000 00542nam a2200181 4500
001 127636
003 ES-MaACL
005 20260426162625.0
007 t|
008 070214s1926 fr r ||||1| fre d
100 1 _aRilke, Rainer Maria,
_d1875-1926
_997230
245 1 4 _aLes cahiers de Malte Laurids Brigge /
_cRainer Maria Rilke ; traduction de Maurice Betz.
260 _aParis :
_b[s.n.],
_c1926 (
_fImp. Chaix)
300 _a377 p. ;
_c19 cm.
700 1 _aBetz, Maurice.
_928695
852 _aES-MaACL
_jA-3006
999 _c127636
_d127636